000 00651nam a2200253Ia 4500
008 171120s9999 xx 000 0 und d
020 _a9712708780
050 _a320
050 _bL769 1999
100 _aLising, Gary
245 _aGolf, Erap and other 4-letter words /
245 _cby Gary Lising.
260 _aPhilippines :
260 _bAnvil,
260 _c1999
300 _a249 pages :
300 _billustrations ;
300 _c22cm.
650 _aPhilippine wit and humor.
650 _aPhilippines -- Politics and government --
650 _aPolitics and government.
650 _x1986- -- Humor.
700 _aTitle.
999 _c345301
_d345301